000 02883nam a22003493i 4500
001 EBC6271999
003 MiAaPQ
005 20211006112001.0
007 cr cnu||||||||
008 210826s2020 xx o ||||0 ger d
020 _a9783835345768
_q(electronic bk.)
020 _z9783835337954
040 _aMiAaPQ
_beng
_cMiAaPQ
100 1 _aJureit, Ulrike.
245 1 0 _aMagie des Authentischen :
_bDas Nachleben von Krieg und Gewalt im Reenactment.
264 1 _aGöttingen :
_bWallstein Verlag,
_c2020.
264 4 _c{copy}2020.
300 _a1 online resource (288 pages)
336 _aText
_btxt
_2rdacontent
337 _aComputermedien
_bc
_2rdamedia
338 _aOnline Resource
_bcr
_2rdacarrier
490 1 _aWert der Vergangenheit
505 0 _aUmschlag -- Titel -- Impressum -- Inhalt -- Magie des Authentischen -- Das Nachleben des Vergangenen -- Ich hoffe immer noch, dass gestern besser wird -- Wo bitte geht's zur Front? -- I. Simulierte Zeitreisen -- Krieg will gut organisiert sein -- Pro Gloria et Patria -- Gefechtsexerzieren ist in allen Ortsteilen erlaubt -- Der taktische Körper -- Auf dem Feld des Elends -- Eine Art Wallfahrtsort -- Gettysburg, 4. Juli 2013 -- Ein Ort, an den man gerne geht -- Streit um Rituale -- The South may have lost the war -- Maybe this time -- Krieg ist immer eine böse Sache -- Amphibische Kriegführung -- Wir wollen das erleben -- Veteranenkultur und Traditionspflege -- Reenactment transnational -- Śmierć potączyta wszystkich - Der Tod eint sie alle -- Die Schlacht bei Tannenberg als historischer Ort -- People saw the Dead in the Streets -- Saubere Kriege und harte Kerle -- Operation Irene -- Very british -- Eine Art Trockenübung -- II. Lost in the Moment - Die Vergegenwärtigung historischer Ereignisse im Reenactment -- Du bist, was du erlebst -- Geschichte als Erlebnis -- Reenactment mit und ohne Gemeinschaftsbildung -- So ähnlich könnte es gewesen sein -- Das A-Wort -- Simulierte Zeitsprünge -- Unverstellte Unmittelbarkeit -- It is just a jump to the left -- Ist das Erinnerung? -- Geschichte als Identitätsressource -- Es ist Krieg, und alle wollen hin -- Europa als Versöhnungsnarrativ -- Krieg als Sehnsuchtsort -- Erleben statt zuschauen -- Helden wie wir -- Quellen- und Literaturverzeichnis -- Abbildungsverzeichnis -- Abkürzungsverzeichnis.
588 _aDescription based on publisher supplied metadata and other sources.
655 4 _aElectronic books.
776 0 8 _iPrint version:
_aJureit, Ulrike
_tMagie des Authentischen
_dGöttingen : Wallstein Verlag,c2020
_z9783835337954
830 0 _aWert der Vergangenheit
856 4 0 _uhttps://ebookcentral.proquest.com/lib/maxweberstiftung-ebooks/detail.action?docID=6271999
_zVolltext
500 _aE-Book-ProQuest / Fernzugriff nach Registrierung möglich
655 _aFernzugriff
942 _cEB
999 _c57508
_d57508